3, 4, 5 ou 6 ? - Membres de groupes de K-pop - Statistiques

Statistiques générales
  • Ce quiz a été pris 197 fois
  • Le résultat moyen est 9 sur 16
Statistiques - réponses
Question Réponse % Correct
BLACKPINK 4
98%
aespa 4
82%
TOMORROW X TOGETHER 5
76%
ITZY 5
72%
MAMAMOO 4
68%
i-dle (anciennement (G)I-dle) 5
66%
ILLIT 5
66%
2NE1 4
65%
NewJeans 5
64%
P1Harmony 6
58%
The Rose 4
35%
NCT DOJAEJUNG 3
34%
ONEUS 5
31%
2PM 6
27%
SHINee 4
26%
BIGBANG 3
11%
Aucun quiz correspondant
Distribution des résultats
% des personnes avec chaque résultat
Percentile par nombre de réponses
Votre historique - résultats
Vous n’avez pas pris ce quiz